000 00404nam a2200145Ia 4500
008 230917s9999||||xx |||||||||||||| ||und||
040 _e152624
_aMAIN
041 _aEnglish
082 _a412 P635P
100 _aPike, Kenneth L.
245 0 _aPhonemics: a technique for reducing languages to writing
260 _aAnn Arbor
_bThe University Of Michigan Press
_c1983
300 _a254p p.
942 _cBK
999 _c229348
_d229348